| 000 | 00333nam a2200145Ia 4500 | ||
|---|---|---|---|
| 008 | 200615s9999||||xx |||||||||||||| ||und|| | ||
| 020 | _a9780070078048 | ||
| 082 |
_a650 _bORG-M |
||
| 100 | _aMCSHANE,STEVEN L | ||
| 245 | 0 | _aORGANATIONAL BEHAVIOUR | |
| 250 | _a4TH | ||
| 260 |
_aNew Delhi _bMGH _c2018 |
||
| 300 | _a695 | ||
| 942 | _cBK | ||
| 999 |
_c27852 _d27852 |
||